El náufrago del Cynthia / (Record no. 167308)

MARC details
000 -LEADER
campo de control de longitud fija 00824nam a22002055i 4500
001 - NÚMERO DE CONTROL
campo de control 167308
003 - IDENTIFICADOR DE NÚMERO DE CONTROL
campo de control ES-MaACL
005 - FECHA Y HORA DE LA ÚLTIMA TRANSACCIÓN
campo de control 20250818063111.0
008 - DATOS DE LONGITUD FIJA--INFORMACIÓN GENERAL
campo de control de longitud fija 010307q1900 sp a 001 f spa d
080 ## - NÚMERO DE LA CLASIFICACIÓN DECIMAL UNIVERSAL
Número de la Clasificación Decimal Universal 821.133.1-31"18"
100 1# - ENTRADA PRINCIPAL--NOMBRE DE PERSONA
Nombre de persona Verne, Jules,
Fechas asociadas al nombre 1828-1905
9 (RLIN) 188654
245 13 - MENCIÓN DEL TÍTULO
Título El náufrago del Cynthia /
Mención de responsabilidad, etc. obra escrita en francés por Julio Verne.
250 ## - MENCION DE EDICION
Mención de edición Ed. il. con grabados.
260 ## - PUBLICACIÓN, DISTRIBUCIÓN, ETC.
Lugar de publicación, distribución, etc. Madrid :
Nombre del editor, distribuidor, etc. Sáenz de Jubera, Hermanos,
Fecha de publicación, distribución, etc. [ca. 1900] (
Fabricante Est. Tip. de los Sucesores de Rivadeneyra)
300 ## - DESCRIPCIÓN FÍSICA
Extensión 2 v. (64 ; 62 p.) :
Otras características físicas il. ;
Dimensiones 28 cm.
597 ## - NOTA DE DESCRIPCIÓN FÍSICA
NOTA DE DESCRIPCIÓN FÍSICA Texto a dos columnas
852 4# - LOCALIZACIÓN
Ubicación ES-MaACL
Número de control de estantería B-12394(13)
Nota libre - Enc. ed. en tela roja con planchas polícromas
852 4# - LOCALIZACIÓN
Ubicación ES-MaACL
Número de control de estantería B-12395(1)
Designación de la unidad física (V. 2)
Nota libre - Enc. ed. en tela roja con planchas polícromas
Holdings
Estatus retirado Estado de pérdida Estado de daño No para préstamo Colección Biblioteca de origen Biblioteca actual Ubicación en estantería Fecha de adquisición Fuente de adquisición Total de préstamos Signatura topográfica completa Código de barras Visto por última vez Precio de reemplazo Tipo de ítem Koha
        Libros del s. XIX Biblioteca del Ateneo de Madrid Biblioteca del Ateneo de Madrid Sala Pardo Bazán 17/01/2008     B-12394(13) y B-12395(1) 1175508 23/02/2023 23/02/2023 Libro impreso antiguo